[Event "Lappeenranta We LprSK"]
[Site "Lappeenranta"]
[Date "2013.05.26"]
[Round "4"]
[White "Pirinen, Timo"]
[Black "Heikkinen, Igor"]
[Result "1-0"]
[WhiteElo "1649"]
[BlackElo "1525"]
[PlyCount "77"]
[EventDate "2013.05.25"]
[EventType "swiss"]
[EventRounds "5"]
[EventCountry "FIN"]
[SourceTitle "EXT 2022"]
[Source "ChessBase"]
[SourceDate "2021.10.06"]
[SourceVersion "1"]
[SourceVersionDate "2021.10.06"]
[SourceQuality "1"]

1. d4 e6 2. Nf3 b6 3. Bf4 Bb7 4. e3 Na6 5. c3 h5 6. Nbd2 c5 7. Be2 Be7 8. h3 Rc8 9. Qa4 g5 10. Bg3 h4 11. Bh2 cxd4 12. exd4 Bxf3 13. Bxf3 Nc7 14. Qxa7 Nb5 15. Qa4 Nd6 16. Ne4 b5 17. Qb3 Nxe4 18. Bxe4 Nf6 19. Bb7 b4 20. Bxc8 Qxc8 21. Be5 Qa8 22. f3 g4 23. hxg4 h3 24. g5 Ne4 25. Bxh8 hxg2 26. Rg1 Ng3 27. cxb4 Qa6 28. b5 Qa5+ 29. Kf2 Qd2+ 30. Kxg3 Qxg5+ 31. Kh3 f5 32. f4 Qh5+ 33. Kxg2 Qe2+ 34. Kg3 Qg4+ 35. Kh2 Qxf4+ 36. Qg3 Qh6+ 37. Qh3 Qf4+ 38. Kh1 Qe4+ 39. Rg2 1-0

[Event "Lappeenranta We LprSK"]
[Site "Lappeenranta"]
[Date "2013.05.25"]
[Round "2"]
[White "Alamaki, Jaakko"]
[Black "Pirinen, Timo"]
[Result "1-0"]
[WhiteElo "1662"]
[BlackElo "1649"]
[PlyCount "98"]
[EventDate "2013.05.25"]
[EventType "swiss"]
[EventRounds "5"]
[EventCountry "FIN"]
[SourceTitle "EXT 2022"]
[Source "ChessBase"]
[SourceDate "2021.10.06"]
[SourceVersion "1"]
[SourceVersionDate "2021.10.06"]
[SourceQuality "1"]

1. d4 d6 2. Nf3 Bg4 3. Bf4 Bxf3 4. gxf3 g6 5. e4 Bg7 6. Nc3 c6 7. Qd2 e6 8. 0-0-0 Ne7 9. Bh6 0-0 10. h4 d5 11. h5 Kh8 12. hxg6 fxg6 13. Bxg7+ Kxg7 14. Qh6+ Kf7 15. Qxh7+ Ke8 16. exd5 cxd5 17. Bd3 Nbc6 18. Bxg6+ Kd7 19. Ne4 b6 20. Ng5 Rf6 21. Bf7 Qf8 22. Bxe6+ Rxe6 23. Nxe6 Kxe6 24. Rd3 Kd6 25. Rh6+ Kd7 26. c3 Qf5 27. Re3 Qxh7 28. Rxh7 Rf8 29. Kd1 Kd8 30. b4 b5 31. Ke2 Nf5 32. f4 Nxe3 33. fxe3 Ne7 34. Kf3 a6 35. Rh6 Kc7 36. Rxa6 Nc6 37. a4 bxa4 38. Rxa4 Kb6 39. Ra2 Kb5 40. e4 dxe4+ 41. Kxe4 Kc4 42. Ra6 Re8+ 43. Kf5 Kb5 44. Ra1 Ne7+ 45. Kg5 Kc4 46. Re1 Rg8+ 47. Kf6 Nd5+ 48. Kf7 Rg3 49. Re6 Rf3 1-0

[Event "Lappeenranta We LprSK"]
[Site "Lappeenranta"]
[Date "2013.05.25"]
[Round "1"]
[White "Pirinen, Timo"]
[Black "Piironen, Petri"]
[Result "1/2-1/2"]
[WhiteElo "1649"]
[BlackElo "1905"]
[PlyCount "47"]
[EventDate "2013.05.25"]
[EventType "swiss"]
[EventRounds "5"]
[EventCountry "FIN"]
[SourceTitle "EXT 2022"]
[Source "ChessBase"]
[SourceDate "2021.10.06"]
[SourceVersion "1"]
[SourceVersionDate "2021.10.06"]
[SourceQuality "1"]

1. d4 e6 2. Nf3 Be7 3. Bf4 g5 4. Be5 f6 5. Bg3 h5 6. h4 g4 7. Nfd2 d5 8. e3 Bd6 9. Bxd6 Qxd6 10. c4 c6 11. Bd3 f5 12. Nc3 Nf6 13. Ne2 Ne4 14. Bxe4 fxe4 15. Nf4 Rh6 16. c5 Qc7 17. b4 Nd7 18. Nf1 e5 19. dxe5 Nxe5 20. Ng3 Qf7 21. Qd4 Nc4 22. a4 Bd7 23. a5 a6 24. Nge2 1/2-1/2